000 00828nam a2200253Ia 4500
003 OSt
005 20220923230416.0
006 a|||||r|||| 00| 0
007 ta
008 220922b |||||||| |||| 00| 0 pan d
020 _c275
024 _a281,600
037 _b881, 12/08/2014, H.K. Prakashan
_cTextual
040 _aARTS
_cARTS
_bpan
041 _2pan
_apan
082 _aO153,2:g, P6
100 _aਕੇਸਰ, ਜਸਬੀਰ, ਥਦ.
245 0 _aਡਾ ਕੇਸਰ ਸਿੰਘ ਕੇਸਰ
260 _aਚੰਡੀਗੜ
_b ਲੋਕਗੀਤ ਪ੍ਰਕਾFਨ
_c2006
300 _a247ਪੰ
_ccm.
650 _aਪੰਜਾਬੀ ਸਾਹਿਤ
942 _hO153,2:g, P6
_cTEXL
_2CC
999 _c384651
_d384651